000
00379nam a2200169Ia 4500
001
7661
003
GE_BSU
008
181216s||||||||xx |||||||||||||| ||und||
040
_c
GE_BSU
245
_a
Le point.№2134.2013.
260
_a
Paris.
260
_c
2013.
300
_a
98p.27cm.
653
_a
Le point.№2134.2013.
653
_a
პერიოდიკა
942
_c
CR
999
_c
41013
_d
41013